00505nam a2200181Ia 450000500170000000800410001702000250005804000190008304100120010208200100011410000170012424500810014126000280022230000120025065000230026270000280028585000100031320230609110712.0131103s9999 xx 000 0 und d a330344358cGBP:39434 aLoreto College aEnglish aFbOE aOe,Kenzaburo 2aA Personal mattercKenzaburo Oe;translated from the Japanese by John Nathan aNew YorkbPicadorc1969 a165 p.  aFiction in English aNathan,John;translated. aLCLIB